000
00304nam a2200145Ia 4500
100
_a
Chapman/Stephen J
250
_a
2
942
_c
RB
654
_a
matlab
245
_a
MATLAB Programming for Engineers
260
_b
Brooks/Cole
_c
2002
082
_a
5.131
_b
CHA
300
_a
478
546
_a
ENGLISH
999
_c
34820
_d
34820